NBA Best 3-point shooter on each team Quiz - Statistics

General Stats
  • This quiz has been taken 494 times
  • The average score is 6 of 30
Answer Stats
Team Answer % Correct
Dallas Mavs Seth Curry
81%
Scrub State Warriors (yeah get mad, he is better) Klay Thompson
63%
LA Lakers Nick Young
58%
Cleveland Cavs Kyle Korver
46%
Phoenix Bookers... *Suns Devin Booker
43%
Indiana Pacers Paul George
37%
Charlotte Hornets Kemba Walker
34%
Washington Wizards Bradley Beal
32%
Chicago Bulls Jimmy Butler
29%
Toronto Raptors Kyle Lowry
27%
Memphis Grizzlies Mike Conley
23%
Houston Rockets Eric Gordon
22%
San Antonio Spurs Kawhi Leonard
21%
Milwaukee Bucks Kris Middleton
20%
Denver Nuggets Jamal Murray
18%
Minnesota Twolves Zach LaVine
18%
Brooklyn Nets Brook Lopez
11%
Utah Jazz Joe Ingles
9%
New Orleans Pelicans DeMarcus Cousins
8%
NY Knicks Kristaps Porzingis
8%
Philly 76ers Joel Embiid
7%
Boston Celtics Jae Crowder
6%
Sacramento Kings Buddy Heild
5%
Miami Heat Dion Waiters
4%
OKC Thunder Alex Abrines
3%
Detroit Pistons Kentavious Caldwell-Pope
3%
Portland TrailBlazers Allen Crabbe
2%
Atlanta Hawks Tim Hardaway Jr.
2%
LA Clippers JJ Reddick
1%
Orlando Magic Evan Fornier
0%
No matching quizzes found
Score Distribution
Percent of People with Each Score
Percentile by Number Answered
Your Score History
You have not taken this quiz